000 00485nam a22001097a 4500
008 150617b xxu||||| |||| 00| 0 eng d
010 _8 SCCRSF: 004
245 _a HIGH COURT CRIMINAL SESSION No.477 of 1969 Uganda Vs Charles Mussa Mere
260 _aHigh Court Kampala
500 _3(Original Criminal case No. NB.MC.MI.145/69of 1968 in the Chief Magistrate's Court Of Tororo at Tororo Before - His Worship John De Kello Esq., M. Gr.1)
500 _3Before: The Hon. Mr. Justice S.Musoke
999 _c6341
_d6341